Resorts Of Walt Disney World - Statistics

General Stats
  • This quiz has been taken 100 times
  • The average score is 16 of 22
Answer Stats
Resort % Correct
Animal Kingdom Lodge
93%
Grand Floridian Resort And Spa
93%
Contemporary Resort
90%
Polynesian Village Resort
88%
All-Star Movies Resort
84%
Pop Century Resort
84%
All-Star Sports Resort
83%
Beach Club Resort
81%
All-Star Music Resort
80%
Art Of Animation Resort
80%
Boardwalk Inn
76%
Caribbean Beach Resort
76%
Yacht Club Resort
76%
Saratoga Springs Resort
71%
Wilderness Lodge
71%
Port Orleans Resort-Riverside
70%
Port Orleans Resort-French Quarter
69%
Riviera Resort
66%
Coronado Springs Resort
65%
Fort Wilderness Resort And Campground
65%
Old Key West Resort
65%
Star Wars Galactic Starcruiser
19%
No matching quizzes found
Score Distribution
Percent of People with Each Score
Percentile by Number Answered
Your Score History
You have not taken this quiz